000
00300nam a22000977a 4500
008
150616b xxu||||| |||| 00| 0 eng d
010
_8
HCCRSF:001
245
_a
HIGH COURT CRIMINAL SESSION No.129 of 1964 Uganda Vs Yakobo Andima
260
_a
High Court Kampala
500
_3
Before: The Hon.Mr. Justice Faud
999
_c
6260
_d
6260